Taxation and its implications for the work-force in the 1998 budget (Record no. 59408)

MARC details
000 -LEADER
fixed length control field 00610nam a2200157 a 4500
008 - FIXED-LENGTH DATA ELEMENTS--GENERAL INFORMATION
fixed length control field 101101s1998 ||||||||||||||||| || |
050 ## - LIBRARY OF CONGRESS CALL NUMBER
Classification number CBU-SB(05)JB
100 ## - MAIN ENTRY--PERSONAL NAME
Personal name Mpuku, Herrick C
245 10 - TITLE STATEMENT
Title Taxation and its implications for the work-force in the 1998 budget
260 ## - PUBLICATION, DISTRIBUTION, ETC.
Place of publication, distribution, etc. Kitwe
Name of publisher, distributor, etc. Copperbelt University School of Business
Date of publication, distribution, etc. 1998
300 ## - PHYSICAL DESCRIPTION
Extent 6-15pp.
350 ## - PRICE (NR) (BK AM CF MU VM SE) [OBSOLETE]
Price 0.00
650 ## - SUBJECT ADDED ENTRY--TOPICAL TERM
Topical term or geographic name entry element BUDGET PLANNING--ZAMBIA
650 #0 - SUBJECT ADDED ENTRY--TOPICAL TERM
Topical term or geographic name entry element BUSINESS
995 ## - RECOMMENDATION 995 [LOCAL, UNIMARC FRANCE]
-- 0.00
-- CBU-MAIN LIBRARY (Kitwe)
-- 1
-- 0.00
-- 1
-- AVAILABLE
-- Nov 1, 2010
-- International Publications
Holdings
Withdrawn status Lost status Source of classification or shelving scheme Damaged status Not for loan Home library Current library Shelving location Date acquired Total Checkouts Full call number Barcode Date last seen Price effective from Koha item type
          CBU-MAIN LIBRARY, KITWE. CBU-MAIN LIBRARY, KITWE.   11/30/2022   CBU-SB(05)JB Z03007313 11/30/2022 11/30/2022 MONOGRAPH